000 00679nam a2200241Ia 4500
003 OSt
005 20220926004308.0
006 a|||||r|||| 00| 0
007 ta
008 220923b |||||||| |||| 00| 0 eng d
037 _cGeneral Book
040 _aRTL
_cRTL
_beng
041 _2eng
_aeng
082 _aV2,31p.N86, M6.140-2
110 _aINDIA,RAJYA SABHA
_9263636
245 0 _aRajya sabha
_b Official report.
260 _a New Delhi
_bRajya Sabha Secretariat
_c1986
300 _a314p.
_ccm.
490 _vVol.140 no.1
700 _aINDIA,RAJYA SABHA
_9263637
942 _hV2,31p.N86, M6.140-2
_cGB
_2CC
999 _c610595
_d610595